The doctrine of endless punishment / (Record no. 1402)

MARC details
000 -LEADER
fixed length control field 00897cam a2200301Ka 4500
001 - CONTROL NUMBER
control field 225909
003 - CONTROL NUMBER IDENTIFIER
control field GBCCL
005 - DATE AND TIME OF LATEST TRANSACTION
control field 20241126110400.0
008 - FIXED-LENGTH DATA ELEMENTS--GENERAL INFORMATION
fixed length control field 870528r19901885stk 000 0 eng d
020 ## - INTERNATIONAL STANDARD BOOK NUMBER
International Standard Book Number 085151491X
020 ## - INTERNATIONAL STANDARD BOOK NUMBER
International Standard Book Number 9780851514918
035 ## - SYSTEM CONTROL NUMBER
System control number (OCoLC)ocn638701454
035 ## - SYSTEM CONTROL NUMBER
System control number (OCoLC)638701454
040 ## - CATALOGING SOURCE
Original cataloging agency Y$R
Transcribing agency Y$R
Modifying agency GZM
049 ## -
-- LBBK
-- LBBA
082 04 - DEWEY DECIMAL CLASSIFICATION NUMBER
Classification number 261.8336
Edition information 22
Item number SHE
090 ## - LOCALLY ASSIGNED LC-TYPE CALL NUMBER (OCLC); LOCAL CALL NUMBER (RLIN)
Classification number (OCLC) (R) ; Classification number, CALL (RLIN) (NR) BT836.2
Local cutter number (OCLC) ; Book number/undivided call number, CALL (RLIN) .S54 1990
100 1# - MAIN ENTRY--PERSONAL NAME
Personal name Shedd, William Greenough Thayer,
Dates associated with a name 1820-1894.
9 (RLIN) 2787
245 14 - TITLE STATEMENT
Title The doctrine of endless punishment /
Statement of responsibility, etc. W.G.T. Shedd.
250 ## - EDITION STATEMENT
Edition statement Repr.
260 ## - PUBLICATION, DISTRIBUTION, ETC.
Place of publication, distribution, etc. Edinburgh :
Name of publisher, distributor, etc. Banner of Truth Trust,
Date of publication, distribution, etc. 1985
Date of manufacture (1990 printing).
300 ## - PHYSICAL DESCRIPTION
Extent vii, 201 p. ;
Dimensions 20 cm.
500 ## - GENERAL NOTE
General note Originally published: S.L. : S.n., 1885.
650 #0 - SUBJECT ADDED ENTRY--TOPICAL TERM
Topical term or geographic name entry element Punishment (Canon law)
9 (RLIN) 2788
650 #0 - SUBJECT ADDED ENTRY--TOPICAL TERM
Topical term or geographic name entry element Eschatology.
9 (RLIN) 2009
650 #0 - SUBJECT ADDED ENTRY--TOPICAL TERM
Topical term or geographic name entry element Theology, Doctrinal.
9 (RLIN) 14
942 ## - ADDED ENTRY ELEMENTS (KOHA)
Source of classification or shelving scheme Dewey Decimal Classification
Koha item type Books
Holdings
Withdrawn status Lost status Source of classification or shelving scheme Damaged status Not for loan Home library Current Library Shelving location Date acquired Total checkouts Full call number Barcode Date last seen Copy number Price effective from Koha item type
    Dewey Decimal Classification     GRACE BIBLE COLLEGE GRACE BIBLE COLLEGE Ministry & Mission 2017-04-28   261.8336 SHE 001715 2025-05-01 c.1 2017-04-28 Books
© Grace Bible College Library 2025